Personnalités politiques préférées des Français en 2024 - Statistiques

Statistiques générales
  • Ce quiz a été pris 109 fois
  • Le résultat moyen est 15 sur 60
Statistiques - réponses
Place Personnalité % Correct
2 Marine Le Pen
97%
1 Jordan Bardella
92%
7 Gabriel Attal
77%
43 Jean-Luc Mélenchon
73%
30 Eric Zemmour
61%
3 Edouard Philippe
60%
14 François Hollande
60%
4 Michel Barnier
59%
17 Nicolas Sarkozy
55%
39 Marine Tondelier
40%
35 Anne Hidalgo
38%
11 Eric Ciotti
35%
21 Laurent Wauquiez
35%
8 Marion Maréchal
35%
53 Mathilde Panot
35%
25 Olivier Faure
35%
18 Valérie Pécresse
35%
40 Jean-Philippe Tanguy
32%
20 Fabien Roussel
31%
12 François Ruffin
31%
6 Bernard Cazeneuve
30%
46 Manuel Bompard
30%
5 Jean Castex
27%
47 Sandrine Rousseau
26%
13 Bruno Le Maire
25%
10 Raphaël Glucksmann
25%
19 Yanick Jadot
25%
9 Xavier Bertrand
23%
26 Yaël Braun-Pivet
22%
37 Clémentine Autain
19%
29 Ségolène Royal
19%
15 Gérard Larcher
18%
24 Christian Estrosi
16%
16 Éric Dupont-Moretti
16%
23 François Xavier Bellamy
15%
22 Nicolas Dupont-Aignan
15%
36 David Lisnard
14%
49 Boris Vallaud
13%
41 Valérie Hayer
11%
31 Carole Delga
10%
27 Olivier Veran
10%
45 Amélie Oudéa-Castera
8%
28 Florian Philippot
7%
44 Clément Beaune
6%
32 Olivier Besancenot
6%
42 Stéphane Séjourné
6%
59 Adrien Quattenens
5%
34 Christian Jacob
5%
54 Olivia Grégoire
3%
38 Renaud Muselier
3%
51 Christophe Bechu
2%
57 Eric Piolle
2%
56 Guillaume Peltier
2%
58 Nicolas Mayer-Rossignol
2%
50 Aurélien Pradié
1%
60 Johanna Rolland
1%
33 Julien Denormandie
1%
48 Barbara Pompili
0%
55 Karim Bouamrane
0%
52 Stanislas Guérini
0%
Aucun quiz correspondant
Distribution des résultats
% des personnes avec chaque résultat
Percentile par nombre de réponses
Votre historique - résultats
Vous n’avez pas pris ce quiz